000 00536nam a2200169Ia 4500
999 _c36595
_d36595
003 OSt
005 20201217133057.0
008 190216s9999||||xx |||||||||||||| ||und||
040 _coclc
082 _a423.94812
_bNAM/I
100 _aNamboothiri, K Sankaran
_97638
245 0 _aIntimate English English Malayalam Dictionary /
_cK Sankaran Namboothiri
250 _a6th Ed.
260 _bComputech Publishers,
_c1999.
_aTrivandrum:
300 _a1248p
942 _cREF
_2ddc
_h423.94812
_iNAM/I
_k423.94812
_mNAM/I